New York Islanders 24/25 - Statistics

General Stats
  • This quiz has been taken 9 times
    4 since last reset
  • The average score is 22 of 34
Answer Stats
Number Answer % Correct
27 Anders Lee
100%
14 Bo Horvat
100%
29 Brock Nelson
100%
53 Casey Cizikas
100%
30 Ilya Sorokin
100%
44 Jean Gabriel Pageau
100%
13 Mathew Barzal
100%
17 Matt Martin
100%
6 Ryan Pulock
100%
24 Scott Mayfield
100%
10 Simon Holmstrom
100%
11 Anthony Duclair
75%
20 Hudson Fasching
75%
21 Kyle Palmieri
75%
50 Marcus Hogberg
75%
8 Noah Dobson
75%
18 Pierre Engvall
75%
40 Semyon Varlamov
75%
3 Adam Pelech
50%
28 Alexander Romanov
50%
36 Isaiah George
50%
1 Jakub Skarek
50%
32 Kyle Maclean
50%
16 Marc Gatcomb
50%
7 Maxim Tsyplakov
50%
2 Mike Reilly
50%
26 Oliver Wahlstrom
50%
26 Scott Perunovich
50%
4 Tony DeAngelo
25%
25 Dennis Cholowski
0%
34 Grant Hutton
0%
16 Julien Gautheir
0%
12 Liam Foudy
0%
4 Samuel Bolduc
0%
No matching quizzes found
Score Distribution
Percent of People with Each Score
Percentile by Number Answered
Your Score History
You have not taken this quiz since the last reset